[Event "4NCL Division 2d"]
[Site "Puma Hotel, Hinckley Island EN"]
[Date "2013.05.04"]
[Round "9.88"]
[White "Bhatia, Kanwal K"]
[Black "Webster, Richard J"]
[Result "1-0"]
[WhiteElo "2036"]
[BlackElo "1970"]
[PlyCount "97"]
[EventDate "2013.05.04"]
[WhiteTeam "Barbican Youth"]
[BlackTeam "e2e4.org.uk 2"]

1. e4 e6 2. d4 d5 3. Nd2 Nf6 4. e5 Nfd7 5. f4 c5 6. c3 Nc6 7. Ndf3 Qb6 8. a3
Be7 9. h4 f6 10. Bd3 a5 11. Ne2 O-O 12. Bb1 cxd4 13. Qd3 g6 14. cxd4 fxe5 15.
dxe5 Nc5 16. Qe3 Qb3 17. Nc3 Qc4 18. h5 d4 19. Nxd4 Qxd4 20. Qg3 g5 21. Be3
Nd3+ 22. Kd2 Qxf4 23. Bxf4 Nxf4 24. Be4 Nxe5 25. Raf1 Ra6 26. Kc1 b5 27. Kb1 b4
28. axb4 axb4 29. Na2 h6 30. Rc1 Bd7 31. Qe3 Ng4 32. Qd4 Nf6 33. Bf3 N4d5 34.
Qd3 Rfa8 35. Qg6+ Kh8 36. Qxh6+ Kg8 37. Qxg5+ Kh8 38. Qh6+ Kg8 39. Rh3 Bd6 40.
Qg6+ Kh8 41. Bxd5 Nxd5 42. Rf1 Rxa2 43. Qh6+ Kg8 44. Qg5+ Kh8 45. Rf7 Ra1+ 46.
Kc2 Rc8+ 47. Kd2 Bf4+ 48. Rxf4 Nxf4 49. Qf6+ 1-0